000 00280nam a2200121Ia 4500
008 211105s9999 xx 000 0 und d
020 _aVYASA04564
100 _aDigambarji
245 0 _aGlossary Of The Sankhyakarika
250 _a\N
260 _bKaivalyadhama
_c\N
300 _a64p.
999 _c6581
_d6581